Một vài vấn đề đặt ra xung quanh việc phân loại thư tịch của Lê Quý Đôn và Phan Huy Chú /

Đã lưu trong:
Sonraí Bibleagrafaíochta
Príomhúdar: Trần Nho Thìn.
Formáid: Bài viết
Teanga:Vietnamese
Ábhair:
Clibeanna: Cuir Clib Leis
Gan Chlibeanna, Bí ar an gcéad duine leis an taifead seo a chlibeáil!
Thư viện lưu trữ: Thư viện Trường Đại học Đà Lạt
LEADER 00822nam a2200265 4500
001 DLU090074375
005 ##20090507
040 # # |a DLU  |b vie 
041 # # |a vie 
044 # # |a vn 
100 # # |a Trần Nho Thìn. 
245 # # |a Một vài vấn đề đặt ra xung quanh việc phân loại thư tịch của Lê Quý Đôn và Phan Huy Chú /  |c Trần Nho Thìn.  
653 # # |a Lê Quý Đôn, 1726-1784  
653 # # |a Tài liệu chữ Hán 
653 # # |a Thư tịch  
773 # # |t Tạp chí văn học  |g Số 4, 1981, tr.14-23 
920 # # |a Phòng Tạp chí -- Trung tâm Thông tin - Thư viện Trường Đại học Đà Lạt 
994 # # |a DLU 
900 # # |a True 
911 # # |a Nguyễn Thị Linh Chi 
925 # # |a G 
926 # # |a A 
927 # # |a BB 
980 # # |a Thư viện Trường Đại học Đà Lạt